000
00198 a2200097 4500
001
9128
100
_a
Macadam, I
245
_a
The annual register.
260
_a
_b
Longmans
_c
090
_c
7305
_d
7305
942
_a
NUST-CAE
_c
M
_c
33940
999
_c
244201
_d
244201